书目信息 |
| 题名: |
元明清三代禁毁小说戏曲史料
|
|
| 作者: | 王利器 编 | |
| 分册: | ||
| 出版信息: | 上海 上海古籍出版社 1981 |
|
| 页数: | 430页 | |
| 开本: | 21cm | |
| 丛书名: | ||
| 单 册: | ||
| 中图分类: | I207.309 , I206.2 | |
| 科图分类: | ||
| 主题词: | 戏剧文学-文学史--中国--古代--史料 , 文学史-戏剧文学--中国--古代--史料 | |
| 电子资源: | ||
| ISBN: | ||
| 000 | 00794nam0 2200277 45 | |
| 001 | 0181005521 | |
| 005 | 20060605082624.95 | |
| 010 | @dCNY1.85 | |
| 091 | @a10186.235 | |
| 100 | @a19950309d1981 kemy0chiy0121 ea | |
| 101 | 0 | @achi |
| 102 | @aCN@b310000 | |
| 105 | @ay z 000zy | |
| 106 | @ar | |
| 200 | 10 | @a元明清三代禁毁小说戏曲史料@Ayuan ming qing san dai jin hui xiao shuo xi qu shi liao@f王利器 |
| 205 | @a增订本 | |
| 210 | @a上海@c上海古籍出版社@d1981 | |
| 215 | @a430页@d21cm | |
| 606 | @a戏剧文学-文学史@y中国@z古代@x史料 | |
| 606 | @a文学史-戏剧文学@y中国@z古代@x史料 | |
| 690 | @aI207.309@v3 | |
| 690 | @aI206.2@v3 | |
| 701 | 0 | @a王利器@Awang li qi@4编 |
| 801 | 0 | @aCN@b上海图书馆@c20060605 |
| 801 | 2 | @aCN@bNLC@c20040329 |
| 905 | @f1@b66466@f1@b66469@dI206.2@e99 | |
| 元明清三代禁毁小说戏曲史料/王利器.-增订本.-上海:上海古籍出版社,1981 |
| 430页;21cm |
| ISBN :CNY1.85 |
| ● |
| 相关链接 |
|
|
|
|
正题名:元明清三代禁毁小说戏曲史料
索取号:I206.2/99
 
预约/预借
| 序号 | 登录号 | 条形码 | 馆藏地/架位号 | 状态 | 备注 |
| 1 | 0066466 | 001920452 | 密集书库/ [索取号:I206.2/99] | 在馆 | |
| 2 | 0066468 | 202446157 | 密集书库/ [索取号:I206.2/99] | 在馆 | |
| 3 | 0066469 | 001920416 | 密集书库/ [索取号:I206.2/99] | 在馆 |